00445nam a2200169Ia 4500003000900000008004100009020001800050040001600068080001700084100001700101245004700118260004800165300001400213650001400227650001500241700001900256IN-BaIIA211028s9999 xx 000 0 eng d a0-521-30038-X cIIA Library a524.352bSUP aMurdin, Paul 0aSupernovaec Paul Murdin and Lesley Murdin aCambridgebCambridge University Pressc1985 aix, 185p. aAstronomy aSupernovae aMurdin, Lesley